| 000 | 00713nam a22002177a 4500 | ||
|---|---|---|---|
| 003 | OSt | ||
| 005 | 20151008162845.0 | ||
| 008 | 150213b xxu||||| |||| 00| 0 eng d | ||
| 020 | _a84-01-44100-5 | ||
| 040 | _cBMC | ||
| 082 | _a909.100 | ||
| 100 | 1 |
_aLorenz, Konrad _d1903-1989 _910022 |
|
| 245 | 1 | 4 |
_aLos ocho pecados mortales de la humanidad civilizada _cKonrad Lorenz ; [traducción de Manuel Vázquez] |
| 260 |
_aBarcelona _bPlaza & Janés _ccop. 1973 |
||
| 300 |
_a121 p. _c18 cm |
||
| 490 | _aRotativa | ||
| 595 | _aTraducción de: Die Acht Todsunden Der Zivilisierten Menschheit | ||
| 650 | 2 | 4 |
_aCivilización _911175 _xFilosofía |
| 700 | 1 |
_923132 _aVázquez, Manuel |
|
| 942 |
_2ddc _cBK _hprozim |
||
| 999 |
_c22818 _d22818 |
||